Teoretické a metodologické aspekty výskumu bezpečnosti

Slovný pôvod pojmu securitológia. Subjekt bezpečnosti a subjektívna bezpečnosť. Stav alebo situácia. Predmetná bezpečnosť - ohrozenie.

Gespeichert in:
Bibliographische Detailangaben
1. Verfasser: Korzeniowski, Leszek
Format: Buchkapitel
Sprache:Slowakisch
Schlagworte:
Tags: Tag hinzufügen
Keine Tags, Fügen Sie das erste Tag hinzu!

MARC

LEADER 00000naa a2200000 4500
001 0183619
005 20231207093910.3
041 0 |a slo 
044 |a SK 
245 1 0 |a Teoretické a metodologické aspekty výskumu bezpečnosti  |c Leszek Fryderyk Korzeniowski 
520 |a Slovný pôvod pojmu securitológia. Subjekt bezpečnosti a subjektívna bezpečnosť. Stav alebo situácia. Predmetná bezpečnosť - ohrozenie. 
610 2 0 |a bezpečnosť 
610 2 0 |a pojmy 
610 2 0 |a definície 
100 1 |a Korzeniowski, Leszek